[Event "Challenge"]
[Site "http://www.queenalice.com/game.php?id=927377"]
[Date "2011.4.18"]
[Round "-"]
[White "stride"]
[Black "lupoaxel"]
[Result "0-1"]
[WhiteElo "1143"]
[BlackElo "1511"]

1. e4 e5 2. Nf3 Qf6 3. Bc4 Bc5 4. d3 d6 5. Bg5 Qg6 6. Nc3 f6 7. Nd5 Kd8 8. Bh4
Qxg2 9. Rg1 Qh3 10. Rxg7 Bg4 11. Bxf6+ Nxf6 12. Nxf6 Bxf3 13. Rg3 Qxh2 14. Qxf3
h5 15. Qe2 Nc6 16. c3 h4 17. Qg4 Qxf2+ 18. Kd1 Qxf6 19. Rf3 Qh6 20. Rf7 Nb8 21.
Be6 Qe3 22. Qg7 Qxd3+ 23. Kc1 Be3# 0-1

[Event "Challenge"]
[Site "http://www.queenalice.com/game.php?id=940119"]
[Date "2011.5.19"]
[Round "-"]
[White "stride"]
[Black "lupoaxel"]
[Result "0-1"]
[WhiteElo "1143"]
[BlackElo "1514"]

1. e4 e5 2. Nf3 Qf6 3. Bc4 Bc5 4. d3 h6 5. Nc3 Qg6 6. Nxe5 Qf6 7. Bxf7+ Kd8 8.
Ng4 Qxf7 9. Nd5 Nc6 10. g3 h5 11. Bg5+ Nge7 12. Nge3 Rf8 13. Nf4 Bd6 14. Ned5 b6
15. g4 Bxf4 16. Bxf4 Nxd5 17. exd5 Qxf4 18. Rf1 Nd4 19. c3 Nf3+ 20. Ke2 Re8# 0-1

[Event "Challenge"]
[Site "http://www.queenalice.com/game.php?id=948271"]
[Date "2011.6.10"]
[Round "-"]
[White "stride"]
[Black "lupoaxel"]
[Result "0-1"]
[WhiteElo "1143"]
[BlackElo "1516"]

1. e4 e5 2. Qf3 c6 3. Bc4 f6 4. d3 Nh6 5. Nh3 b5 6. Qh5+ g6 7. Qh4 bxc4 8. dxc4
g5 9. Qh5+ Nf7 10. Ke2 d5 11. Rd1 Ba6 12. b3 Qa5 13. Bd2 Qc5 14. Qg4 dxc4 15.
Be3 cxb3+ 16. Ke1 Qa5+ 17. Rd2 b2 18. Qe6+ Be7 19. c3 bxa1=Q 20. Qb3 Nd7 21. a3
Rb8 22. Bb6 Rxb6 23. Qe6 Qxb1+ 24. Rd1 Qxc3# 0-1

[Event "Challenge"]
[Site "http://www.queenalice.com/game.php?id=956772"]
[Date "2011.7.4"]
[Round "-"]
[White "lupoaxel"]
[Black "stride"]
[Result "1-0"]
[WhiteElo "1518"]
[BlackElo "1143"]

1. e4 c5 2. Bc4 Nc6 3. Qf3 e6 4. d3 Nd4 5. Qd1 b5 6. c3 Ba6 7. cxd4 bxc4 8. dxc4
Bxc4 9. Qc2 d5 10. b3 Bb5 11. dxc5 dxe4 12. b4 Qd5 13. Nc3 Qc4 14. Nge2 Qxb4 15.
Qxe4 Qxe4 16. Nxe4 Rd8 17. Bf4 Rd5 18. Rc1 Ne7 19. Nd6+ Rxd6 20. cxd6 Nf5 21.
Rd1 g5 22. Be5 Rg8 23. Nc3 Bc6 24. O-O Kd7 25. Rfe1 Bxd6 26. g4 f6 27. Bxf6 Rg6
28. Be5 Bf3 29. gxf5 exf5 30. Rd4 Re6 31. Nb5 Kc6 32. Nxd6 f4 33. Rc1+ Kb6 34.
Nc8+ Ka6 35. Rc3 Rxe5 36. Rxf3 Ra5 37. Rd7 Rc5 38. Rxa7+ Kb5 39. a4+ Kb4 40. Rd3
Rxc8 41. a5 h5 42. a6 Rc1+ 43. Kg2 Ra1 44. Ra8 g4 45. Rd4+ Kc3 46. Rxf4 Kd3 47.
Kg3 Kc2 48. Kh4 Ra5 49. a7 Ra6 50. Rf7 Rh6 51. Rb8 g3 52. hxg3 Ra6 53. a8=Q Rxa8
54. Rxa8 Kd3 55. Re7 Kc4 56. Rd7 Kb4 57. Rc7 Kb5 58. Rb8+ Ka4 59. Ra7# 1-0

[Event "Challenge"]
[Site "http://www.queenalice.com/game.php?id=965949"]
[Date "2011.7.28"]
[Round "-"]
[White "lupoaxel"]
[Black "stride"]
[Result "0-1"]
[WhiteElo "1520"]
[BlackElo "1143"]

1. e4 c5 2. Qf3 Nf6 3. Bc4 e6 4. d3 d5 5. Bb5+ Nc6 6. Bg5 dxe4 7. dxe4 a6 8.
Bxc6+ bxc6 9. e5 h6 10. Bh4 Qa5+ 11. b4 Qxb4+ 12. c3 Qe4+ 13. Ne2 Qxf3 14. gxf3
g5 15. Bxg5 hxg5 16. exf6 Bd6 17. Ng3 Rb8 18. O-O Rb2 19. Rd1 Be5 20. Rd3 c4 21.
Re3 Bxf6 22. Nf5 Kd7 23. Na3 exf5 24. Nxc4 Rc2 25. Nb6+ Kd6 26. Na4 Kc7 27. a3
Rh4 28. Nc5 Kb6 29. Nb3 Bxc3 30. Rb1 Bb2 31. Re7 Be6 32. Na1 Rd2 33. Re8 Kc5 34.
Ra8 Bc4 35. a4 Be5 36. Rc1 Bxh2+ 37. Kg2 Ra2 38. Rxa6 Rxa1 39. Rxa1 Bxa6 40.
Rc1+ Kb6 41. Ra1 Be5 42. Re1 f6 43. Rxe5 fxe5 0-1

[Event "Challenge"]
[Site "http://www.queenalice.com/game.php?id=968686"]
[Date "2011.8.4"]
[Round "-"]
[White "lupoaxel"]
[Black "stride"]
[Result "1-0"]
[WhiteElo "1471"]
[BlackElo "1173"]

1. e4 c5 2. d4 cxd4 3. Qxd4 Nc6 4. Qc3 d5 5. Bb5 Qb6 6. exd5 Qxb5 7. dxc6 bxc6
8. Na3 Qa4 9. b3 Qe4+ 10. Kf1 e5 11. Nc4 Ba6 12. Ne2 Bxc4 13. bxc4 Bc5 14. f3
Qf5 15. Ng3 Qe6 16. Nh5 Kf8 17. Ba3 Bxa3 18. Qxa3+ Ne7 19. Qb4 Qg6 20. Qb7 Re8
21. g4 a5 22. Qc7 Qe6 23. Kg2 e4 24. Qxa5 exf3+ 25. Kxf3 f5 26. Qc3 Qe4+ 27. Kf2
Qxg4 28. Rhg1 Qh4+ 29. Rg3 Qxh2+ 30. Rg2 Qh4+ 31. Kg1 Kf7 32. Qxg7+ Ke6 33. Re2+
Kd6 34. Qe5+ Kd7 35. Nf6+ Kc8 36. Qe6+ Kc7 37. Qd7+ Kb6 38. Rb1+ Ka6 39. Qb7+
Ka5 40. Qa7# 1-0

[Event "Challenge"]
[Site "http://www.queenalice.com/game.php?id=978516"]
[Date "2011.8.29"]
[Round "-"]
[White "lupoaxel"]
[Black "stride"]
[Result "0-1"]
[WhiteElo "1477"]
[BlackElo "1173"]

1. e4 Nf6 2. Qf3 d5 3. exd5 Bg4 4. Qf4 e6 5. Bb5+ c6 6. dxc6 Nxc6 7. h3 Bd6 8.
Qg5 Bf5 9. Qxg7 Rg8 10. Qh6 Bxc2 11. Na3 Bxa3 12. bxa3 Rxg2 13. Bb2 Ne4 14. Rc1
Qb6 15. Qf4 Rxf2 16. Qh4 Qxb5 17. Qxf2 Nxf2 18. Rxc2 Nxh1 19. Ne2 Qf5 20. Rc3
Qf2+ 21. Kd1 Qf1+ 22. Kc2 Qxe2 23. Rc5 Nf2 24. Rh5 Qxh5 0-1

[Event "Challenge"]
[Site "http://www.queenalice.com/game.php?id=982231"]
[Date "2011.9.6"]
[Round "-"]
[White "lupoaxel"]
[Black "stride"]
[Result "0-1"]
[WhiteElo "1438"]
[BlackElo "1201"]

1. e4 g5 2. d4 Bg7 3. c3 d5 4. Bxg5 h6 5. Bh4 dxe4 6. Nd2 Bf5 7. g4 Bg6 8. Qe2
Nc6 9. Bg2 h5 10. Bxe4 hxg4 11. Qxg4 Bxe4 12. Nxe4 Bf6 13. Nf3 Nh6 14. Qf4 Bxh4
15. Nxh4 Qd7 16. O-O-O O-O-O 17. d5 e5 18. Qg5 Ne7 19. d6 Nc6 20. Nf6 Qe6 21.
d7+ Kb8 22. Qg7 Qxa2 23. Ne8 Qa1+ 24. Kc2 Qa4+ 25. Kb1 Qe4+ 26. Kc1 Qf4+ 27. Kc2
Qa4+ 28. Kb1 Qxh4 29. Qxh8 Qe4+ 30. Kc1 Qf4+ 31. Kc2 Qxf2+ 32. Kb1 Ng4 33. Qh5
f5 34. h4 Ne3 35. Rc1 Rxd7 36. Qg5 Qd2 37. b4 Rd3 38. Qg7 Rd7 39. Qf8 Qd3+ 40.
Ka1 Qa6+ 41. Kb1 Qd3+ 42. Kb2 Qd2+ 43. Kb3 Qd5+ 44. Kb2 Qd2+ 45. Ka3 Nc4+ 46.
Kb3 Ne3 47. Nf6+ Rd8 48. Qc5 Rd6 49. b5 Na5+ 50. Ka3 Nec4+ 51. Qxc4 Nxc4+ 52.
Kb4 Qa2 53. Ra1 a5+ 54. Kc5 b6# 0-1

[Event "Challenge"]
[Site "http://www.queenalice.com/game.php?id=987642"]
[Date "2011.9.20"]
[Round "-"]
[White "stride"]
[Black "lupoaxel"]
[Result "1-0"]
[WhiteElo "1226"]
[BlackElo "1404"]

1. c4 c5 2. g3 d5 3. cxd5 Qxd5 4. Nf3 e5 5. Nc3 Qc6 6. Bg2 Bd6 7. d3 h6 8. Nh4
Qd7 9. a3 b5 10. Bxa8 Bb7 11. Bxb7 Qxb7 12. Ne4 Be7 13. Nf5 Rh7 14. Nfd6+ Bxd6
15. Nxd6+ Kd7 16. Nxb7 Na6 17. f4 Kc7 18. Qb3 g6 19. Qxb5 Nb8 20. fxe5 Nd7 21.
Nxc5 Nxe5 22. Bf4 f6 23. Bxe5+ fxe5 24. Qb7+ Kd6 25. Qxh7 1-0

[Event "Challenge"]
[Site "http://www.queenalice.com/game.php?id=990806"]
[Date "2011.9.27"]
[Round "-"]
[White "lupoaxel"]
[Black "stride"]
[Result "0-1"]
[WhiteElo "1376"]
[BlackElo "1249"]

1. e4 Nf6 2. Bd3 d5 3. exd5 Qxd5 4. Nf3 Bg4 5. O-O Nbd7 6. Nc3 Qd6 7. Qe1 Bxf3
8. gxf3 O-O-O 9. Bf5 e6 10. Be4 Nxe4 11. fxe4 Be7 12. Qe3 c5 13. Re1 Kb8 14. Qf3
Ne5 15. Qe2 Qd4 16. d3 Bh4 17. Bf4 h5 18. Bxe5+ Qxe5 19. Qf3 Bf6 20. Qe3 g5 21.
Rab1 g4 22. f4 gxf3 23. Qxf3 Rhg8+ 24. Kh1 Qg5 25. e5 Bxe5 26. Ne4 Qh4 27. h3
Rd7 28. Nxc5 Rc7 29. Rxe5 Rg3 30. Rxh5 Rxf3 31. Rxh4 Rxc5 32. Rc1 Rxd3 33. Rh8+
Kc7 34. c3 Rd2 35. Rb1 Rg5 36. Rh7 Rf5 37. Kg1 Rff2 38. Rg7 Kc6 39. b4 Rxa2 40.
b5+ Kb6 41. c4 Kc5 42. Ra1 Rg2+ 43. Rxg2 Rxa1+ 44. Kh2 Kxc4 45. Rf2 f5 46. h4
Kxb5 47. Kg3 Rg1+ 48. Kh2 Rg8 49. Rg2 Rh8 50. Kh3 Kc4 51. Rg5 b5 52. Rg1 a5 53.
Re1 Rh6 54. Rh1 e5 55. Kg3 Rg6+ 56. Kf3 Rh6 57. h5 b4 58. Ke2 a4 59. Kd2 a3 60.
Kc2 e4 61. Rh4 b3+ 62. Kb1 Kd3 63. Rh3+ e3 64. Kc1 f4 65. Rh1 f3 66. Rh4 f2 67.
Rh1 e2 68. Rh3+ Kc4 69. Re3 e1=Q+ 70. Rxe1 fxe1=Q# 0-1

[Event "Challenge"]
[Site "http://www.queenalice.com/game.php?id=998532"]
[Date "2011.10.17"]
[Round "-"]
[White "stride"]
[Black "lupoaxel"]
[Result "0-1"]
[WhiteElo "1270"]
[BlackElo "1350"]

1. c4 e5 2. Nc3 Nf6 3. a3 Bc5 4. e3 O-O 5. b4 Be7 6. Nf3 d6 7. h3 e4 8. Nd4 c5
9. Nde2 Be6 10. Ng3 d5 11. cxd5 Bxd5 12. d3 exd3 13. Nxd5 Nxd5 14. Qxd3 cxb4 15.
Nf5 Nc6 16. Bb2 Bf6 17. Bxf6 Qxf6 18. Rb1 Rad8 19. g4 a5 20. Bg2 Nc3 21. g5 Qxg5
22. Ng3 Rxd3 23. Ra1 Qd8 24. O-O b3 25. Kh2 Qd6 26. Rg1 b2 27. Rae1 Rd2 28. Rgf1
Ne5 29. e4 Nd3 30. e5 Qd4 31. Ne2 Nxe2 32. Rxe2 Rxe2 33. f3 Qf4+ 34. Kh1 Qg3 35.
Rg1 Nf2# 0-1

[Event "Challenge"]
[Site "http://www.queenalice.com/game.php?id=1001140"]
[Date "2011.10.24"]
[Round "-"]
[White "lupoaxel"]
[Black "stride"]
[Result "1-0"]
[WhiteElo "1365"]
[BlackElo "1270"]

1. e4 c5 2. c3 Nf6 3. Qf3 d5 4. exd5 Nxd5 5. Bc4 Be6 6. d4 cxd4 7. cxd4 Nc6 8.
Ne2 Rc8 9. Qb3 b6 10. Qa4 Bf5 11. Bb5 Qd6 12. Nbc3 g6 13. Qxa7 Bg7 14. O-O Kf8
15. Qa6 Nxd4 16. Ng3 Nxb5 17. Nxf5 Qc6 18. Nxb5 gxf5 19. Na7 Ra8 20. Rd1 Qc5 21.
Qb7 Rd8 22. Be3 Qd6 23. Bxb6 Qb4 24. Rxd5 Re8 25. Qc6 Qxb2 26. Qxe8+ Kxe8 27.
Rd8# 1-0

[Event "Challenge"]
[Site "http://www.queenalice.com/game.php?id=1002547"]
[Date "2011.10.28"]
[Round "-"]
[White "stride"]
[Black "lupoaxel"]
[Result "1-0"]
[WhiteElo "1270"]
[BlackElo "1378"]

1. c4 e5 2. e3 c6 3. h3 d5 4. Nf3 e4 5. Ne5 Bd6 6. d4 Qf6 7. Nc3 Bxe5 8. dxe5
Qxe5 9. cxd5 Nf6 10. f4 Qd6 11. dxc6 Qxc6 12. Bb5 O-O 13. Bxc6 Nxc6 14. Qa4 Be6
15. Nxe4 Bd5 16. Nxf6+ gxf6 17. Kf2 b6 18. e4 b5 19. Qxb5 Bxe4 20. Qc4 f5 21.
Be3 Rac8 22. Rhd1 Ne5 23. Qa6 Rc2+ 24. Rd2 Rc7 25. fxe5 1-0

[Event "Challenge"]
[Site "http://www.queenalice.com/game.php?id=1005102"]
[Date "2011.11.5"]
[Round "-"]
[White "lupoaxel"]
[Black "stride"]
[Result "0-1"]
[WhiteElo "1357"]
[BlackElo "1290"]

1. e4 e5 2. Nf3 d6 3. h3 Nc6 4. Bc4 g6 5. c3 Nf6 6. Qb3 Qd7 7. d3 Bg7 8. Ng5 Rf8
9. O-O Na5 10. Qd1 h6 11. Nf3 Nxc4 12. dxc4 Nxe4 13. Re1 Qc6 14. Qd3 Nc5 15. Qe3
Be6 16. b3 O-O-O 17. b4 e4 18. Nd4 Bxd4 19. cxd4 Nd3 20. Rd1 Qxc4 21. Na3 Qc3
22. Rb1 Bxa2 23. Bb2 Qb3 24. Qxe4 Bxb1 25. Rxb1 Nxb2 26. Nb5 a6 27. Na7+ Kb8 28.
Nc6+ bxc6 29. Qxc6 Qc4 30. Qe4 Rde8 31. Qh4 Re2 32. Qxh6 Rfe8 33. Qg7 Re1+ 34.
Rxe1 Rxe1+ 35. Kh2 Nd3 36. Qxf7 Qxf7 0-1

[Event "Challenge"]
[Site "http://www.queenalice.com/game.php?id=1028662"]
[Date "2012.2.10"]
[Round "-"]
[White "stride"]
[Black "lupoaxel"]
[Result "1-0"]
[WhiteElo "1309"]
[BlackElo "1338"]

1. b4 e5 2. Bb2 Nc6 3. Nf3 f6 4. b5 Na5 5. d3 d5 6. Qd2 b6 7. Nc3 Bb4 8. a3 Bxc3
9. Bxc3 d4 10. Bxa5 bxa5 11. Qxa5 Qd5 12. Qxc7 g5 13. Qc6+ Qxc6 14. bxc6 Be6 15.
h4 g4 16. Nd2 Rc8 17. c4 Rxc6 18. Rb1 Ne7 19. Rb7 Ra6 20. Rb3 f5 21. Rb8+ Nc8
22. Rb5 Rxa3 23. e3 e4 24. Nb1 Ra2 25. exd4 O-O 26. Re5 Bd7 27. Nc3 Rc2 28. Nd5
Rf7 29. dxe4 Kf8 30. Ne3 Rc1+ 31. Kd2 Rb1 32. Nxf5 Rb2+ 33. Ke3 Nb6 34. Be2 Ra2
35. f4 Ra3+ 36. Kd2 g3 37. Rb1 Bxf5 38. Rxf5 Na4 39. Rb8+ Kg7 40. Rxf7+ Kxf7 41.
Rb7+ Kg6 42. h5+ Kh6 43. Rxa7 Ra2+ 44. Kc1 Rxe2 45. Rxa4 Rxg2 46. Ra5 Rh2 47.
Rg5 g2 48. c5 Rh1+ 49. Kd2 g1=Q 50. Rxg1 Rxg1 51. c6 Rg8 52. d5 Rc8 53. e5 Ra8
54. d6 Ra2+ 55. Kd3 Ra3+ 56. Kc4 Ra4+ 57. Kd5 Kg7 58. e6 Kf6 59. c7 Ra5+ 60. Kc6
Ra8 61. d7 Ke7 62. c8=Q Ra6+ 63. Qxa6 1-0

[Event "Challenge"]
[Site "http://www.queenalice.com/game.php?id=1037757"]
[Date "2012.3.10"]
[Round "-"]
[White "lupoaxel"]
[Black "stride"]
[Result "1-0"]
[WhiteElo "1321"]
[BlackElo "1326"]

1. e4 g5 2. d4 Bg7 3. Nf3 d5 4. Nc3 dxe4 5. Nxe4 Nc6 6. c3 h6 7. Bb5 Bf5 8.
Bxc6+ bxc6 9. Nc5 Nf6 10. O-O Nd7 11. Qa4 Nxc5 12. dxc5 Qd5 13. Be3 O-O 14. Bd4
e5 15. c4 Qe6 16. Rfe1 f6 17. Bc3 Rfd8 18. Nd4 exd4 19. Rxe6 Bxe6 20. Ba5 d3 21.
b3 f5 22. Rd1 Rd7 23. Qxc6 Re8 24. Bxc7 f4 25. Qb7 Be5 26. Qe4 Bxc7 27. Qg6+ Kf8
28. Qxh6+ Kf7 29. Qh5+ Kf8 30. Qxg5 d2 31. h4 a6 32. h5 Bb8 33. h6 Bc7 34. c6
Bd8 35. Qg6 Rc7 36. Rxd2 Bg8 37. Rd4 Rf7 38. Rxf4 Re1+ 39. Kh2 Rxf4 40. Qd6+ Kf7
41. Qxf4+ Kg6 42. Qg3+ Bg5 43. f4 Kf7 44. Qxg5 Rf1 45. Qg7+ Ke6 46. Qxg8+ Kf5
47. Qf8+ 1-0

[Event "Challenge"]
[Site "http://www.queenalice.com/game.php?id=1044664"]
[Date "2012.3.31"]
[Round "-"]
[White "stride"]
[Black "lupoaxel"]
[Result "1-0"]
[WhiteElo "1310"]
[BlackElo "1337"]

1. d4 d5 2. c4 Be6 3. cxd5 Bxd5 4. Nc3 e6 5. e4 Bc6 6. Nf3 Nf6 7. Bd3 Bb4 8. O-O
Bxc3 9. bxc3 Bxe4 10. Ba3 Bxf3 11. Qxf3 c6 12. Qg3 Nh5 13. Qe5 Nf6 14. c4 Nbd7
15. Qd6 Ng8 16. Rab1 Qa5 17. Rxb7 Qxa3 18. Qxd7+ Kf8 19. Qxf7# 1-0

[Event "Challenge"]
[Site "http://www.queenalice.com/game.php?id=1049929"]
[Date "2012.4.17"]
[Round "-"]
[White "lupoaxel"]
[Black "stride"]
[Result "1-0"]
[WhiteElo "1320"]
[BlackElo "1329"]

1. e4 c5 2. d4 cxd4 3. Qxd4 Nc6 4. Qc3 d5 5. Bb5 Qb6 6. exd5 Qxb5 7. dxc6 Nf6 8.
c7 Bg4 9. Bf4 Ne4 10. Qd4 Qc6 11. f3 Qxc2 12. Ne2 Bxf3 13. gxf3 Nd6 14. Nbc3
Qxb2 15. Rb1 Qc2 16. Qc5 Rc8 17. Rxb7 f6 18. Qc6+ Kf7 19. Qd7 Nxb7 20. Qxc8 Nc5
21. Qa8 Nd3+ 22. Kf1 Nxf4 23. c8=Q g5 24. Nxf4 gxf4 25. Qd5+ Kg7 26. Rg1+ Qg6
27. Rxg6+ hxg6 28. Qe8 e6 29. Qdxe6 Kh6 30. Qxf6 Rg8 31. Qh4+ Kg7 32. Qd7+ Be7
33. Qdxe7# 1-0

[Event "Challenge"]
[Site "http://www.queenalice.com/game.php?id=1057831"]
[Date "2012.5.9"]
[Round "-"]
[White "stride"]
[Black "lupoaxel"]
[Result "1-0"]
[WhiteElo "1323"]
[BlackElo "1336"]

1. e4 e5 2. Nf3 d6 3. d4 Bg4 4. dxe5 Bxf3 5. Qxf3 dxe5 6. Bc4 Nh6 7. Bxh6 Qd7 8.
Be3 Nc6 9. O-O Nb4 10. Na3 Be7 11. Qxf7+ Kd8 12. Rad1 Bd6 13. Bg5+ Kc8 14. Be6
Qxe6 15. Qxe6+ Kb8 16. Rxd6 cxd6 17. Qxd6+ Kc8 18. Qe6+ Kc7 19. Nb5+ Kb8 20.
Qd6+ 1-0

[Event "Challenge"]
[Site "http://www.queenalice.com/game.php?id=1063636"]
[Date "2012.5.24"]
[Round "-"]
[White "lupoaxel"]
[Black "stride"]
[Result "0-1"]
[WhiteElo "1319"]
[BlackElo "1340"]

1. d4 f5 2. Nc3 d5 3. f3 c5 4. dxc5 d4 5. Nb5 Qa5+ 6. c3 Qxb5 7. cxd4 b6 8. Qc2
bxc5 9. dxc5 e6 10. Be3 Na6 11. c6 Ne7 12. c7 Nd5 13. Bd4 Qb4+ 14. Qd2 Naxc7 15.
Rc1 Nb5 16. e3 Nxd4 17. exd4 Qxd2+ 18. Kxd2 Rb8 19. b3 Ba3 20. Rc6 Bb4+ 21. Kc1
Kd7 22. Rc2 Ne3 23. Rf2 Nxf1 24. Rxf1 Ba6 25. Rf2 Rhc8+ 26. Kd1 Rc3 27. Rc2 Rd3+
28. Kc1 Ba3+ 0-1

[Event "Challenge"]
[Site "http://www.queenalice.com/game.php?id=1080927"]
[Date "2012.7.9"]
[Round "-"]
[White "stride"]
[Black "lupoaxel"]
[Result "1-0"]
[WhiteElo "1355"]
[BlackElo "1304"]

1. g3 e5 2. Bg2 d5 3. Nf3 Bd6 4. c4 dxc4 5. Qa4+ Nc6 6. Nc3 Be6 7. Qb5 Rb8 8.
Nxe5 Bxe5 9. Bxc6+ bxc6 10. Qxe5 Ne7 11. Qxg7 Kd7 12. Qd4+ Kc8 13. Qxa7 Bd5 14.
O-O Nf5 15. e4 Bxe4 16. Qa6+ Rb7 17. Nxe4 Qd5 18. Nc3 Qc5 19. d3 cxd3 20. Rd1
Re8 21. Qxd3 Rd8 22. Qxd8# 1-0

[Event "Challenge"]
[Site "http://www.queenalice.com/game.php?id=1098093"]
[Date "2012.8.30"]
[Round "-"]
[White "lupoaxel"]
[Black "stride"]
[Result "0-1"]
[WhiteElo "1290"]
[BlackElo "1380"]

1. e4 e6 2. d4 a6 3. Bc4 b5 4. Bb3 Nf6 5. Qf3 Bb7 6. Nd2 Be7 7. Nh3 c5 8. dxc5
Bxc5 9. O-O d6 10. c4 Nc6 11. Qg3 O-O 12. Re1 Qc7 13. Nf3 Nb4 14. Bh6 Ne8 15.
Nf4 bxc4 16. Bxc4 Nc2 17. Nh5 Bxf2+ 18. Kxf2 Qc5+ 19. Kf1 Qxh5 20. Bd2 Nxa1 21.
Rxa1 Bxe4 22. Be2 Qc5 23. b4 Qc2 24. Be3 Qc3 25. Bd4 Qxb4 26. Rc1 Qa3 27. Rc7 e5
28. Rc3 Qxa2 29. Be3 a5 30. Bh6 Rb8 31. Re3 Rb1+ 32. Kf2 f5 33. Rc3 f4 34. Qg4
Bf5 35. Qg5 Bg6 36. Nh4 Qd2 37. Nxg6 Qe1+ 38. Kf3 Qxc3+ 39. Ke4 d5+ 40. Kxd5
Qd4+ 41. Kc6 Rb6# 0-1

[Event "Challenge"]
[Site "http://www.queenalice.com/game.php?id=1138251"]
[Date "2013.1.7"]
[Round "-"]
[White "stride"]
[Black "lupoaxel"]
[Result "1-0"]
[WhiteElo "1392"]
[BlackElo "1278"]

1. d4 d5 2. e3 Nf6 3. Nf3 e6 4. Bd3 Nc6 5. Bd2 a6 6. O-O Bd6 7. Nc3 e5 8. Nxe5
Bxe5 9. dxe5 Nxe5 10. f4 Nc6 11. e4 dxe4 12. Qe1 O-O 13. Nxe4 Re8 14. Nxf6+ gxf6
15. Qg3+ Kh8 16. Qh4 f5 17. Bc3+ Kg8 18. Qg3+ Kf8 19. Qg7+ Ke7 20. Bf6+ Kd7 21.
Rfd1 Re7 22. Bxf5+ Ke8 23. Qg8# 1-0